|
|
|
|
| LEADER |
00000nam0a2200000 4500 |
| 001 |
75654 |
| 005 |
20231031091001.0 |
| 020 |
|
|
|a RU
|b 86-38593
|
| 035 |
|
|
|a (RuTPU)RU\TPU\book\80719
|
| 090 |
|
|
|a 75654
|
| 100 |
|
|
|a 20050331d1985 m a0rusy5003 ca
|
| 101 |
0 |
|
|a rus
|
| 102 |
|
|
|a RU
|
| 105 |
|
|
|a y j 000zy
|
| 200 |
1 |
|
|a Электронные вычислительные машины. Введение в специальность
|e учебное пособие
|f В. М. Разин
|g Томский политехнический университет
|
| 210 |
|
|
|a Томск
|c ТПИ
|d 1985
|
| 215 |
|
|
|a 92 с.
|d 21 см
|
| 610 |
0 |
|
|a Вычислительные машины, электронные
|
| 610 |
0 |
|
|a Политехнические институты - Введение в специальность
|
| 610 |
1 |
|
|a вычислительная техника
|
| 610 |
1 |
|
|a вычислительные машины
|
| 610 |
1 |
|
|a электронные вычислительные машины
|
| 610 |
1 |
|
|a программное обеспечение
|
| 610 |
1 |
|
|a аналоговая вычислительная техника
|
| 610 |
1 |
|
|a вычислительные сети
|
| 610 |
1 |
|
|a многопроцессорные вычислительные системы
|
| 610 |
1 |
|
|a учебные пособия
|
| 675 |
|
|
|a 681.3(075.8)
|z rus
|
| 700 |
|
1 |
|a Разин
|b В. М.
|g Виктор Мартемьянович
|4 070
|
| 712 |
0 |
2 |
|a Томский политехнический университет
|2 stltpush
|3 (RuTPU)RU\TPU\col\376
|
| 801 |
|
0 |
|a RU
|b RuMRKP
|c 19950704
|g psbo
|
| 801 |
|
1 |
|a RU
|b 63413507
|c 20050331
|g PSBO
|
| 801 |
|
2 |
|a RU
|b 63413507
|c 20160707
|g PSBO
|
| 942 |
|
|
|c BK
|